Principy razrabotki programmnogo obespečenija

Gespeichert in:
Bibliographische Detailangaben
1. Verfasser: Zelkowitz, Marvin V.
Format: Buch
Sprache:Russisch
Veröffentlicht: Moskva Mir 1982
Tags: Tag hinzufügen
Keine Tags, Fügen Sie das erste Tag hinzu!

MARC

LEADER 00000nam a2200000 4500
001 c136280
005 20231103121819.7
041 0 |a rus 
044 |a RU 
245 1 0 |a Principy razrabotki programmnogo obespečenija  |c Marvin V. Zelkowitz 
264 1 |a Moskva  |b Mir  |c 1982 
300 |a 368 s. 
100 1 |a Zelkowitz, Marvin V.